00502nam a22001337a 4500020001600000082000800016100002000024245015300044260003600197300002700233650003000260700002100290856005700311 qHard Cover. a200 aIllahi, Manzoor aEffects of Fillers on Mechanical, Physical, Swelling and Thermal Properties of Hydrogenated Acrylonitrile Butadiene Rebber (HNBR) /cManzoor Illahi. aIslamabad:bSCME - NUST,c2013. a52 p. :bill. ;c30cm. aMS- Chemical Engineering  aDr. Iram Mahmood uhttp://10.250.8.41:8080/xmlui/handle/123456789/18293